Fr. Conceicao Rodrigues College of Engineering

Learning Kali Linux:Security testing (Record no. 22874)

MARC details
000 -LEADER
fixed length control field 00327nam a2200169Ia 4500
082 ## - DEWEY DECIMAL CLASSIFICATION NUMBER
Item number MES
100 ## - MAIN ENTRY--PERSONAL NAME
Personal name Messier/Ric
245 ## - TITLE STATEMENT
Title Learning Kali Linux:Security testing
260 ## - PUBLICATION, DISTRIBUTION, ETC.
Name of publisher, distributor, etc. SPD
Date of publication, distribution, etc. 2018
366 ## - TRADE AVAILABILITY INFORMATION
Publishers's discount category 20
300 ## - PHYSICAL DESCRIPTION
Extent 383
546 ## - LANGUAGE NOTE
Language note ENGLISH
650 ## - SUBJECT ADDED ENTRY--TOPICAL TERM
Topical term or geographic name entry element Linux
654 ## - SUBJECT ADDED ENTRY--FACETED TOPICAL TERMS
Focus term linux
942 ## - ADDED ENTRY ELEMENTS (KOHA)
Koha item type BOOK
Holdings
Withdrawn status Lost status Damaged status Not for loan Collection Home library Current library Date acquired Source of acquisition Cost, normal purchase price Inventory number Total Checkouts Full call number Barcode Date due Date last seen Date last checked out Cost, replacement price Price effective from Koha item type
        CRC Fr. Agnel's C.Rodrigues College of Engineering AGNEL TECHNICAL COLLEGE LIBRARY 17/03/2023 Shroff Publishers 640.00 03679 dr 24.01.2019 4 MES 25489 14/02/2026 04/02/2026 04/02/2026 800.00   BOOK